000 00780nam a2200217 u 4500
001 78107
003 BD-RjUL
005 20211209083105.0
008 210321s1962 ii || |000 0 ara||
035 _a(BD-RjUL)78333
040 _aUkOxU
_cUkOxU
_beng
041 _aara
082 _223
_a297.12551
_bABS 1962
100 0 _aأبو داؤود سليمان بن الأشعث السجستاني.;; Abū Dāʼūd Sulaymān ibn al-Ashʿath al-Sijistānī,
_d817 or 818-889.
_9246343
245 1 0 _aبسنن ابي داود ;; Bisunan Abi Dawood /
_cbi-taṣḥīḥ Muḥammad Ibrāhīm.
260 _aColcatta :
_bm. basir hasan ,
_c1962
300 _a2 v. ;
_c33 cm.
650 0 _aHadith
_vTexts.
_9246344
700 1 _aMadnī, Muḥammad Ibrāhīm Memon.
_9246345
942 _2ddc
_cBK
999 _c78107
_d78107